[Event "Canadian zt (Women)"]
[Site "Toronto"]
[Date "2024.03.29"]
[Round "3"]
[White "Guan, Isabelle"]
[Black "Norovsambuu, Emma"]
[Result "1-0"]
[WhiteElo "1474"]
[BlackElo "1626"]
[PlyCount "121"]
[EventDate "2024.03.28"]
[EventType "team-swiss"]
[EventRounds "9"]
[EventCountry "CAN"]
[SourceTitle "CBM 219 Extra"]
[Source "ChessBase"]
[SourceDate "2024.05.31"]
[SourceVersion "1"]
[SourceVersionDate "2024.05.31"]
[SourceQuality "1"]

1. e4 e5 2. Nf3 Nf6 3. d4 Nxe4 4. dxe5 d5 5. Nbd2 Nxd2 6. Bxd2 Be7 7. Bd3 c5 8. Bb5+ Bd7 9. Bxd7+ Qxd7 10. Qe2 Nc6 11. Bf4 a6 12. 0-0 0-0 13. Rad1 Qf5 14. Bg3 d4 15. Rfe1 Qe6 16. a3 Rfe8 17. Nd2 Rad8 18. f4 Bf8 19. Ne4 Qf5 20. Qc4 b5 21. Qe2 Qg6 22. Qf3 Qe6 23. Qh5 c4 24. f5 Qd5 25. Ng5 h6 26. Nf3 Bc5 27. Kh1 Bb6 28. f6 Re6 29. fxg7 Bc7 30. Ng5 Rg6 31. Nf3 Ba5 32. Rf1 Re8 33. Nh4 Rxg7 34. Nf5 Rxe5 35. Nxh6+ Kf8 36. Qh3 Rh5 37. Qc8+ Bd8 38. Nf5 Rgg5 39. Bd6+ Kg8 40. Ne7+ Nxe7 41. Qxd8+ Kg7 42. Rf2 Nf5 43. Bf8+ Kg6 44. Qxd5 Ng3+ 45. Kg1 Rxd5 46. hxg3 a5 47. Be7 Rhe5 48. Bf6 Re4 49. Kh2 Rd6 50. Bh4 f5 51. Rdd2 Rde6 52. Bd8 a4 53. Ba5 Ra6 54. Bb4 Rae6 55. Bc5 d3 56. cxd3 Re2 57. dxc4 Re8 58. Rf4 Kg5 59. cxb5 Rc8 60. Bf2 Ree8 61. Be3 1-0

[Event "Canadian zt (Women)"]
[Site "Toronto"]
[Date "2024.03.28"]
[Round "2"]
[White "Norovsambuu, Emma"]
[Black "Glenda, Baylon"]
[Result "0-1"]
[WhiteElo "1626"]
[BlackElo "1885"]
[PlyCount "64"]
[EventDate "2024.03.28"]
[EventType "team-swiss"]
[EventRounds "9"]
[EventCountry "CAN"]
[SourceTitle "CBM 219 Extra"]
[Source "ChessBase"]
[SourceDate "2024.05.31"]
[SourceVersion "1"]
[SourceVersionDate "2024.05.31"]
[SourceQuality "1"]

1. d4 d5 2. c4 c6 3. Nf3 Nf6 4. g3 Bf5 5. Nc3 dxc4 6. Bg2 e6 7. 0-0 Be7 8. Ne5 Nbd7 9. Nxc4 Nb6 10. Ne5 0-0 11. e4 Bg6 12. Nxg6 hxg6 13. Be3 Nc4 14. Qe2 Nxe3 15. Qxe3 Qa5 16. Rfd1 Qh5 17. Qf3 Rad8 18. Qxh5 gxh5 19. Re1 Rxd4 20. a3 Rd2 21. b4 a5 22. bxa5 Bc5 23. Re2 Rfd8 24. Bf3 R2d3 25. Na4 Bd4 26. Rb1 Rxf3 27. Rb4 Ng4 28. Rxb7 Rxa3 29. Rb4 Ba7 30. a6 Rd4 31. Reb2 Rxa4 32. Rxd4 Bxd4 0-1

[Event "FRA-ch U14 Girls"]
[Site "Agen"]
[Date "2022.04.19"]
[Round "4"]
[White "Paralieu, Emma1"]
[Black "Norovsambuu, Emma"]
[Result "1-0"]
[WhiteElo "1441"]
[BlackElo "1365"]
[PlyCount "65"]
[EventDate "2022.04.16"]
[EventType "swiss"]
[EventRounds "9"]
[EventCountry "FRA"]
[SourceTitle "EXT 2023"]
[Source "ChessBase"]
[SourceDate "2022.10.05"]
[SourceVersion "1"]
[SourceVersionDate "2022.10.05"]
[SourceQuality "1"]

1. e4 e5 2. Nf3 Nf6 3. Nxe5 d6 4. Nf3 Nxe4 5. d3 Nf6 6. Bg5 Nc6 7. Nc3 Bg4 8. h3 Bh5 9. g4 Qe7+ 10. Qe2 Bg6 11. Bxf6 Qxe2+ 12. Nxe2 gxf6 13. 0-0-0 0-0-0 14. Bg2 Ne5 15. Nfd4 c5 16. Nb3 f5 17. f4 Nd7 18. Na5 b6 19. Nc6 Re8 20. Nxa7+ Kb8 21. Nc6+ Kc7 22. Nc3 Bg7 23. Nb5+ Kc8 24. Nxd6+ Kc7 25. Nxe8+ Rxe8 26. Rhe1 Rc8 27. gxf5 Bh5 28. Rd2 Ra8 29. Nb4 Ra4 30. Nd5+ Kd6 31. a3 Bh6 32. Rf2 Rd4 33. Nc3 1-0